Rentabilidad de un proyecto apícola en San Lorenzo El Zapote municipio de Santiago Amoltepec del Estado de Oaxaca / (Record no. 218685)
[ view plain ]
| 000 -CABECERA | |
|---|---|
| campo de control de longitud fija | 03059nam a2200301 a 4500 |
| 003 - IDENTIFICADOR DEL NÚMERO DE CONTROL | |
| campo de control | OSt |
| 005 - FECHA Y HORA DE LA ÚLTIMA TRANSACCIÓN | |
| campo de control | 20251112142154.0 |
| 007 - CAMPO FIJO DE DESCRIPCIÓN FÍSICA--INFORMACIÓN GENERAL | |
| campo de control de longitud fija | cr ||||||a|c|a |
| 008 - DATOS DE LONGITUD FIJA--INFORMACIÓN GENERAL | |
| campo de control de longitud fija | 230504s2019 mx a|||fom||| 001 0 spa d |
| 040 ## - FUENTE DE LA CATALOGACIÓN | |
| Normas de descripción | rda |
| 100 1# - ENTRADA PRINCIPAL--NOMBRE DE PERSONA | |
| 9 (RLIN) | 186906 |
| Nombre de persona | Ruiz Jiménez, Roberto |
| 245 10 - MENCIÓN DE TÍTULO | |
| Título | Rentabilidad de un proyecto apícola en San Lorenzo El Zapote municipio de Santiago Amoltepec del Estado de Oaxaca / |
| Mención de responsabilidad, etc. | por Roberto Ruiz Jiménez; director de tesis Omar Ortiz Barreto. |
| 264 #1 - PRODUCCIÓN, PUBLICACIÓN, DISTRIBUCIÓN, FABRICACIÓN Y COPYRIGHT | |
| Producción, publicación, distribución, fabricación y copyright | Chapingo, México : |
| Nombre del de productor, editor, distribuidor, fabricante | El autor, |
| Fecha de producción, publicación, distribución, fabricación o copyright | 2019. |
| 300 ## - DESCRIPCIÓN FÍSICA | |
| Extensión | 1 recurso en línea (101 páginas): |
| Otras características físicas | figuras, cuadros. |
| 336 ## - TIPO DE CONTENIDO | |
| Fuente | rdacontent |
| Término de tipo de contenido | texto |
| Código de tipo de contenido | txt |
| 337 ## - TIPO DE MEDIO | |
| Fuente | rdamedia |
| Nombre/término del tipo de medio | computadora |
| Código del tipo de medio | c |
| 338 ## - TIPO DE SOPORTE | |
| Fuente | rdacarrier |
| Nombre/término del tipo de soporte | recurso en línea |
| Código del tipo de soporte | cr |
| 502 ## - NOTA DE TESIS | |
| Tipo de título | Licenciatura en Administración y Negocios |
| Nombre de la institución que otorga el título | División de Ciencias Económico Administrativas, |
| Año de obtención del título | 2019. |
| 504 ## - NOTA DE BIBLIOGRAFÍA, ETC. | |
| Nota de bibliografía, etc. | Incluye referencias bibliográficas: páginas 100-101. |
| 520 ## - SUMARIO, ETC. | |
| Sumario, etc. | La historia de la apicultura va de la mano con la evolución del hombre, desde el cazador nómada al agricultor sedentario. La apicultura es una actividad agropecuaria enfocada a la crianza de abejas, dándoles los cuidados necesarios para obtener los productos que elaboran para ser comercializados. La presente investigación tuvo por objetivo analizar la rentabilidad del proyecto de producción apícola en San Lorenzo, el Zapote de Santiago, Oaxaca, a través de los indicadores clásicos de rentabilidad de la teoría de la formulación y evaluación de proyectos, a fin de determinar su viabilidad técnica y financiera. Para lograr los objetivos de la investigación, se realizó una revisión de literatura de fuentes oficiales de información, para la parte del estudio de mercado, se elaboró dentro del cuerpo del proyecto, así como investigación de campo con algunos de los productores, con la finalidad de conocer y sistematizar los principales costos dentro del proceso de producción de la miel. Se realizó un estudio de mercado para conocer la demanda del producto y los mercados potenciales del mismo. Se llevaron a cabo entrevistas con los productores involucrados con la finalidad de conocer los costos de producción y las principales actividades en la producción de miel. Con ésta información se elaboró una corrida financiera la cual permitió evaluar la rentabilidad del proyecto. Los resultados obtenidos: El proyecto resultó rentable y viable ya que se generarían ingresos estimados de $462,656.25 pesos M.N. Tan sólo en el primer año el proyecto, se considera rentable por presentar los siguientes indicadores positivos: un VAN de $242,688.97, una Tasa Interna de Retorno de 23.51%, Relación Beneficio-Costo de 1.11 y un punto de equilibrio del 67 %. |
| 650 #4 - PUNTO DE ACCESO ADICIONAL DE MATERIA--TÉRMINO DE MATERIA | |
| 9 (RLIN) | 133411 |
| Término de materia o nombre geográfico como elemento de entrada | Miel de abeja |
| Subdivisión general | Producción |
| -- | Aspectos socioeconómicos |
| 650 #4 - PUNTO DE ACCESO ADICIONAL DE MATERIA--TÉRMINO DE MATERIA | |
| 9 (RLIN) | 75571 |
| Término de materia o nombre geográfico como elemento de entrada | Miel de abejas |
| Subdivisión general | Rendimiento |
| 650 #4 - PUNTO DE ACCESO ADICIONAL DE MATERIA--TÉRMINO DE MATERIA | |
| 9 (RLIN) | 126480 |
| Término de materia o nombre geográfico como elemento de entrada | Apicultura |
| Subdivisión general | Aspectos económicos |
| Subdivisión geográfica | Oaxaca |
| 650 #4 - PUNTO DE ACCESO ADICIONAL DE MATERIA--TÉRMINO DE MATERIA | |
| 9 (RLIN) | 141312 |
| Término de materia o nombre geográfico como elemento de entrada | Evaluación de proyectos |
| 700 1# - PUNTO DE ACCESO ADICIONAL--NOMBRE DE PERSONA | |
| Nombre de persona | Ortiz Barreto, Omar |
| Término indicativo de función/relación | director. |
| 9 (RLIN) | 83939 |
| 856 ## - LOCALIZACIÓN Y ACCESO ELECTRÓNICOS | |
| Identificador Uniforme del Recurso | http://10.13.5.2/tesis/tl/Ruiz_Jimenez_Roberto.pdf |
| Nota pública | DESCARGAR PDF |
| 942 ## - ELEMENTOS DE PUNTO DE ACCESO ADICIONAL (KOHA) | |
| Fuente del sistema de clasificación o colocación | Clasificación Universidad Autónoma Chapingo |
| Tipo de ítem Koha | Tesis digital |
| Estado de retiro | Estado de pérdida | Fuente del sistema de clasificación o colocación | Estado dañado | Restricciones de uso | No para préstamo | Código de colección | Localización permanente | Ubicación/localización actual | Ubicación en estantería | Fecha de adquisición | Total de préstamos | Signatura topográfica completa | Fecha visto por última vez | Precio válido a partir de | Tipo de ítem Koha |
|---|---|---|---|---|---|---|---|---|---|---|---|---|---|---|---|
| Clasificación Universidad Autónoma de Chapingo | Préstamo interno | Tesis digitales de Licenciatura | Biblioteca Digital | Biblioteca Digital | En línea | 04/05/2023 | Tesis digital | 04/05/2023 | 04/05/2023 | Tesis digital |
